All Yo-Kai Watch Bosses (1-4) - Statistics

General Stats
  • This quiz has been taken 139 times
  • The average score is 26 of 116
Answer Stats
Hint Answer % Correct
YW1 Slimamander
78%
YW1 SV Snaggerjag
72%
YW1 Gargaros
70%
YW1 Sproink
70%
YW1 Orcanos
64%
YW1 Massiface
63%
YW1 McKraken
61%
YW1 Wobblewok
53%
YW1 Ogralus
52%
YW1 Eyedra
50%
YW2 Dame Dedtime
48%
YW1 Dr. Maddiman
45%
YW1 Hoggles
44%
YW1 Duwheel
42%
YW2 Kin
42%
YW2 Gin
41%
YW2 Gutsy Bones
41%
YW1 Tarantutor
39%
YW1 Dr. Nogut
38%
YW1 Clipso
34%
YW2 Rubeus J
34%
YW2 Goldy Bones
33%
YW2 Hardy Hound
33%
YW2 Meganyan
33%
YW1 Chirpster
31%
YW2 Dame Damona
31%
YW2 Glitzy Bones
31%
YW2 Kabuking
31%
YW2 Hinozall
30%
YW2 Kat Kraydel
30%
YW1 Squisker
30%
YWB Whisped Cream
30%
YW2 Eyeclone
28%
YWB Mass Mutterer
28%
YWB Shogun King
28%
YW3 The Ghoulfather
28%
YWB Captain Thunder
27%
YWB Demuncher
27%
YW1 Styx Mk. VI
27%
YWB Tattleterror
27%
YWB Devourer
25%
YW2 Hans Full
25%
YW2 Headasteam
25%
YWB Swirlious Omai
25%
YW2 Cap'n Crash
23%
YW2 Dame Dredful
23%
YW2 Eyephoon
23%
YW3 Junkernaut
23%
YWB Red Paws
23%
YW1 Spooklunk
23%
YW3 Agent X
22%
YW2 Bronzlow
22%
YW2 Retinado
22%
YW2 Cap'n Rex
20%
YW2 Flippa
20%
YW2 Floppa
20%
YWB Hinozall Awoken
20%
YW2 Infinipea
20%
YW3 Supermanager
20%
YW2 Hans Galore
19%
YWB Robonyan 28
19%
YWB Robonyan 3000
19%
YW3 The Lastest Nyanmurai
19%
YW2 Mallice
17%
YWB Pink Emperor
17%
YW3 Beddy-Byes
16%
YW3 Hoaxy-Coaxy
16%
YWB Swirlious Gold
16%
YW2 Teastroyer
16%
YWB Zazel
16%
YW3 Don Spiracy
14%
YWB Golden Claws
14%
YW3 No-Bot
14%
YW3 Slackerjack
14%
YW3 The Goldfather
14%
YW3 Yopple-Bot
14%
YW3 Holey Moley
13%
YW1 Phantasamurai
13%
YW3 Rongo Swirll
13%
YW3 Yo-kaiju
13%
YWB Zazelmare
13%
YW3 Maiden Ruin
11%
YW3 The Executor
11%
YW3 The Zenlightener
11%
YWB Alicktokat
9%
YWB Duke Drooly
9%
YW3 Orcalyte
9%
YW3 Skulk
9%
YW3 Torneyedo
9%
YW4 Soranaki
8%
YW3 Duolyte
8%
YW3 IcarOS
8%
YW3 The Woebra
8%
YW3 Yellskitchen
8%
YW3 Plundros
6%
YW3 Slackolyte
6%
YW4 Fukurou
5%
YW4 Shutendoji
5%
YW4 Douketsu
3%
YW3 Hollow Guard
3%
YW4 Jingeki
3%
YW4 Maten Soranaki
3%
YW3 Narwail
3%
YW3 Soulcleaver
3%
YW4 Tamamo
3%
YW4 Yami Kaira
3%
YW3 Chripolyte
2%
YW4 Micchy
2%
YW4 SS Slimamander
2%
YW4 Raidenryuu
2%
YW4 Shien
2%
YW4 Shinma Douketsu
2%
YW4 Shinma Kaira
2%
YW4 Yamambaa
2%
YW4 Jorogumo
0%
YW3 Whaleman
0%
No matching quizzes found
Score Distribution
Percent of People with Each Score
Percentile by Number Answered
Your Score History
You have not taken this quiz